| 000 | 00590nam a22002052 4500 | ||
|---|---|---|---|
| 001 | 0000005360 | ||
| 005 | 20151217152003.0 | ||
| 008 | 070612s xx 000 0 eng d | ||
| 020 |
_a8189161695 : _cKES 3,000 |
||
| 040 |
_aKABU _cKABU |
||
| 050 | 0 |
_aZ678.9 _b.S63 |
|
| 100 | 1 |
_aSodhi, Mahendra Singh. _@0000156591 |
|
| 245 | 1 | 0 | _aUse of MIS technology in library science. |
| 260 |
_aDelhi : _bAdhyayan Publishers, _c2006. |
||
| 300 | _a241 p. | ||
| 650 | 0 |
_aLibraries _xAutomation. _@0000156628 |
|
| 908 | _a070612 | ||
| 950 | _@1 | ||
| 999 |
_c7028 _d7028 |
||